| 000 | 00720cam a2200229 4500 | ||
|---|---|---|---|
| 001 | D15439 | ||
| 008 | 090401t1978 xxu||||| |||| 00| 0 eng d | ||
| 022 | _a0141-1462 | ||
| 035 | _a(Sirsi) u22841 | ||
| 041 | _aeng | ||
| 050 | _a690.241026 | ||
| 090 | _aRICS 1978/31ABD | ||
| 110 |
_aRoyal Institution of Chartered Surveyors _94900 |
||
| 245 | _aGrants for the repair of historic buildings: a guide for practitioners prepared by the Planning and Development Division of the RICS | ||
| 260 |
_aLondon _bRICS _c1978 |
||
| 300 | _a(4)p. ; 30cm | ||
| 350 | _a0 | ||
| 490 |
_aRICS Planning and Development Practice Note _v5 |
||
| 710 |
_aPlanning and Development Division _9784 |
||
| 942 | _n0 | ||
| 948 | _c04/03/1997 | ||
| 999 |
_c88259 _d88259 |
||